[Event "Tenerife-chT Segunda 1718"]
[Site "Tenerife"]
[Date "2018.01.20"]
[Round "7.3"]
[White "Nuevo Cabezas, Antonio"]
[Black "Ruiz Yanes, Jose David"]
[Result "1-0"]
[WhiteElo "1364"]
[BlackElo "1520"]
[PlyCount "117"]
[EventDate "2017.11.11"]
[EventType "team-tourn"]
[EventRounds "14"]
[EventCountry "ESP"]
[SourceTitle "EXT 2019"]
[Source "ChessBase"]
[SourceDate "2018.10.10"]
[SourceVersion "1"]
[SourceVersionDate "2018.10.10"]
[SourceQuality "1"]
[WhiteTeam "Ebano Casa Venezuela"]
[BlackTeam "Benito"]
[WhiteTeamCountry "ESP"]
[BlackTeamCountry "ESP"]

1. d4 Nf6 2. Bf4 d6 3. Nf3 g6 4. h3 Bg7 5. c3 0-0 6. e3 c5 7. d5 Nbd7 8. Nbd2 a6 9. Qc1 Nxd5 10. Bg3 b5 11. a3 Bb7 12. Be2 Qb6 13. 0-0 Rfc8 14. Rb1 Qd8 15. Re1 b4 16. c4 N5f6 17. Nh2 Ne4 18. Nxe4 Bxe4 19. Ra1 a5 20. Bf3 Bxf3 21. Nxf3 Qb6 22. a4 Qc6 23. Ra2 Nf6 24. Nd2 Nd7 25. b3 Ne5 26. Qc2 Nd7 27. e4 Bc3 28. Re2 Bd4 29. Nf3 Bg7 30. Qd3 Rd8 31. Qe3 Ne5 32. Rad2 Nxf3+ 33. Qxf3 Rd7 34. Qg4 Rad8 35. Rd3 Be5 36. f4 Bd4+ 37. Kh2 e6 38. Bh4 Rf8 39. Rf3 f5 40. exf5 exf5 41. Qg3 d5 42. cxd5 Qxd5 43. Qe1 Bc3 44. Qb1 c4 45. bxc4 Qxc4 46. Rc2 Qe4 47. Qb3+ Qd5 48. Qb1 Re8 49. Qf1 Rb7 50. Qb1 Qe4 51. Qb3+ Kg7 52. Bf2 Rd8 53. h4 Rd2 54. Rcxc3 bxc3 55. Qxc3+ Kf7 56. Qxd2 Rb4 57. Bc5 Rxa4 58. Qd7+ Kf6 59. Bd6 1-0

[Event "Tenerife-chT Segunda 1718"]
[Site "Tenerife"]
[Date "2017.12.09"]
[Round "4.2"]
[White "Ruiz Yanes, Jose David"]
[Black "Martinez Martin, Antonio"]
[Result "1-0"]
[WhiteElo "1520"]
[BlackElo "1327"]
[PlyCount "50"]
[EventDate "2017.11.11"]
[EventType "team-tourn"]
[EventRounds "14"]
[EventCountry "ESP"]
[SourceTitle "EXT 2019"]
[Source "ChessBase"]
[SourceDate "2018.10.10"]
[SourceVersion "1"]
[SourceVersionDate "2018.10.10"]
[SourceQuality "1"]
[WhiteTeam "Benito"]
[BlackTeam "Playa San Juan"]
[WhiteTeamCountry "ESP"]
[BlackTeamCountry "ESP"]

1. d4 Nf6 2. c4 c5 3. d5 e6 4. Nc3 g6 5. e4 Bg7 6. Be3 Qa5 7. f3 0-0 8. Qd2 exd5 9. cxd5 d6 10. Nb5 Qb6 11. Bd3 a6 12. Na3 Nbd7 13. Nc4 Qc7 14. Bf4 Ne5 15. Nxe5 dxe5 16. Be3 c4 17. Rc1 b5 18. b3 Nxd5 19. exd5 e4 20. Bxe4 c3 21. Qf2 Bb7 22. Ne2 b4 23. Bc5 Rfd8 24. Bb6 Qe5 25. Bxd8 Rxd8 1-0

[Event "Santa Cruz CajaCanarias op"]
[Site "Santa Cruz"]
[Date "2016.05.16"]
[Round "7"]
[White "Ruiz Yanes, Jose David"]
[Black "Darias Darias, Luis"]
[Result "0-1"]
[WhiteElo "1525"]
[BlackElo "1757"]
[PlyCount "40"]
[EventDate "2016.04.27"]
[EventType "swiss"]
[EventRounds "9"]
[EventCountry "ESP"]
[SourceTitle "CBM 172 Extra"]
[Source "ChessBase"]
[SourceDate "2016.06.21"]
[SourceVersion "1"]
[SourceVersionDate "2016.06.21"]
[SourceQuality "1"]

1. d4 Nf6 2. c4 e6 3. Nc3 b6 4. e4 Bb4 5. Bd3 Bb7 6. f3 Nc6 7. Be3 e5 8. d5 Nd4 9. a3 Bc5 10. Rb1 Nc2+ 11. Bxc2 Bxe3 12. Nge2 Nh5 13. Ng3 Qh4 14. Nce2 Nf4 15. Nxf4 exf4 16. Qe2 Bd4 17. Qd3 Be5 18. b4 fxg3 19. Ke2 gxh2 20. c5 Qg3 0-1

[Event "Santa Cruz CajaCanarias op"]
[Site "Santa Cruz"]
[Date "2016.05.04"]
[Round "3"]
[White "Ruiz Yanes, Jose David"]
[Black "Redondo Terron, Eva"]
[Result "1-0"]
[WhiteElo "1525"]
[BlackElo "1031"]
[PlyCount "71"]
[EventDate "2016.04.27"]
[EventType "swiss"]
[EventRounds "9"]
[EventCountry "ESP"]
[SourceTitle "CBM 172 Extra"]
[Source "ChessBase"]
[SourceDate "2016.06.21"]
[SourceVersion "1"]
[SourceVersionDate "2016.06.21"]
[SourceQuality "1"]

1. d4 Nf6 2. c4 e6 3. Nf3 c5 4. d5 b5 5. Bg5 bxc4 6. e4 Be7 7. d6 Bxd6 8. Qxd6 Nxe4 9. Bxd8 Nxd6 10. Bc7 Nb5 11. Be5 0-0 12. Bxc4 a6 13. a4 f6 14. Bxb8 Rxb8 15. axb5 d5 16. Be2 axb5 17. 0-0 b4 18. Nbd2 Bd7 19. Ra7 Rf7 20. Rfa1 c4 21. Nxc4 dxc4 22. Bxc4 g5 23. Rxd7 Rxd7 24. Bxe6+ Kf8 25. Bxd7 Ke7 26. Bf5 h6 27. Nd4 Kd6 28. Ra5 Re8 29. g3 h5 30. Bg6 Re1+ 31. Kg2 h4 32. Nf5+ Kc6 33. Ra6+ Kb5 34. Rxf6 Ka4 35. Bf7 Re2 36. Nd4 1-0

[Event "Tenerife-ch"]
[Site "Santa Cruz de Tenerife"]
[Date "2016.04.11"]
[Round "5.10"]
[White "Medina Sanchez, Gines"]
[Black "Ruiz Yanes, Jose David"]
[Result "1-0"]
[WhiteElo "1703"]
[BlackElo "1525"]
[PlyCount "107"]
[EventDate "2016.04.01"]
[EventType "swiss"]
[EventRounds "9"]
[EventCountry "ESP"]
[SourceTitle "EXT 2024"]
[Source "ChessBase"]
[SourceDate "2023.10.10"]
[SourceVersion "1"]
[SourceVersionDate "2023.10.10"]
[SourceQuality "1"]

1. e4 e6 2. d4 d5 3. Nd2 c5 4. c3 cxd4 5. cxd4 dxe4 6. Nxe4 Bb4+ 7. Nc3 Nf6 8. a3 Be7 9. Nf3 0-0 10. Bd3 Nbd7 11. 0-0 Nb6 12. Bf4 Nbd5 13. Be5 h6 14. Rc1 a6 15. Na4 Bd6 16. Re1 b6 17. b4 Bb7 18. Nb2 Nf4 19. Bb1 Bxe5 20. dxe5 Qxd1 21. Rcxd1 Bxf3 22. gxf3 N6d5 23. Be4 b5 24. Nd3 Nxd3 25. Rxd3 Rac8 26. Bxd5 exd5 27. Rxd5 Rc3 28. Re3 Rfc8 29. Rdd3 R3c4 30. Kg2 R8c6 31. Kg3 Rg6+ 32. Kh3 Rc2 33. Rd8+ Kh7 34. Rf8 Rxf2 35. Rxf7 Rgg2 36. e6 Re2 37. Re4 Rxe4 38. fxe4 Rg5 39. Ra7 Re5 40. Rxa6 Rxe4 41. Kg3 Kg6 42. Kf3 Re1 43. Ra5 Rxe6 44. Rxb5 Kf6 45. a4 g6 46. a5 Ke7 47. Rb7+ Kd8 48. b5 Kc8 49. a6 Re1 50. b6 Ra1 51. Rc7+ Kb8 52. a7+ Ka8 53. Rc6 Rg1 54. Rc8+ 1-0

[Event "Tenerife-chT Segunda 1516"]
[Site "Tenerife"]
[Date "2016.01.30"]
[Round "6.1"]
[White "De Leon Rodriguez, Jose Carlos"]
[Black "Ruiz Yanes, Jose David"]
[Result "1/2-1/2"]
[WhiteElo "1645"]
[BlackElo "1505"]
[PlyCount "37"]
[EventDate "2015.12.12"]
[EventType "team-tourn"]
[EventRounds "15"]
[EventCountry "ESP"]
[SourceTitle "EXT 2017"]
[Source "ChessBase"]
[SourceDate "2016.10.25"]
[SourceVersion "1"]
[SourceVersionDate "2016.10.25"]
[SourceQuality "1"]
[WhiteTeam "Al Shah Mat Los Realejos II"]
[BlackTeam "Achinet Gambito de Rey III"]
[WhiteTeamCountry "ESP"]
[BlackTeamCountry "ESP"]

1. e4 e6 2. d4 d5 3. e5 c5 4. c3 Qb6 5. f4 Nc6 6. Nf3 cxd4 7. Nxd4 Nh6 8. Bd3 Bd7 9. Bc2 Nb4 10. 0-0 Nxc2 11. Qxc2 Nf5 12. Qd1 Be7 13. b3 Rc8 14. g4 Nh6 15. h3 0-0 16. Ba3 Bxa3 17. Nxa3 Rc7 18. Qe2 Rfc8 19. Rfc1 1/2-1/2

[Event "Tenerife Autumn op"]
[Site "Tenerife"]
[Date "2015.10.21"]
[Round "5"]
[White "Pena Aragon, Sergio"]
[Black "Ruiz Yanes, Jose David"]
[Result "1/2-1/2"]
[WhiteElo "1712"]
[BlackElo "1484"]
[PlyCount "49"]
[EventDate "2015.10.14"]
[EventType "swiss"]
[EventRounds "9"]
[EventCountry "ESP"]
[SourceTitle "CBM 169 Extra"]
[Source "ChessBase"]
[SourceDate "2015.12.18"]
[SourceVersion "1"]
[SourceVersionDate "2015.12.18"]
[SourceQuality "1"]

1. c4 c5 2. Nc3 Nc6 3. g3 g6 4. Bg2 Bg7 5. Nf3 e6 6. 0-0 Nge7 7. d3 0-0 8. a3 b6 9. Qc2 Bb7 10. Rb1 d6 11. b4 Qd7 12. Rd1 Nd4 13. Nxd4 cxd4 14. Bxb7 Qxb7 15. Ne4 d5 16. Ng5 Rac8 17. Qb3 dxc4 18. dxc4 Qc6 19. c5 bxc5 20. bxc5 Qxc5 21. Bd2 Nd5 22. Ne4 Qc2 23. Qxc2 Rxc2 24. Rdc1 Rxc1+ 25. Rxc1 1/2-1/2

[Event "Tenerife Autumn op"]
[Site "Tenerife"]
[Date "2015.10.19"]
[Round "4"]
[White "Ruiz Yanes, Jose David"]
[Black "Medina Sanchez, Gines"]
[Result "1/2-1/2"]
[WhiteElo "1484"]
[BlackElo "1727"]
[PlyCount "75"]
[EventDate "2015.10.14"]
[EventType "swiss"]
[EventRounds "9"]
[EventCountry "ESP"]
[SourceTitle "CBM 169 Extra"]
[Source "ChessBase"]
[SourceDate "2015.12.18"]
[SourceVersion "1"]
[SourceVersionDate "2015.12.18"]
[SourceQuality "1"]

1. d4 Nf6 2. c4 g6 3. Nc3 Bg7 4. e4 d6 5. f3 0-0 6. Be3 e5 7. d5 Nbd7 8. Qd2 b6 9. g4 Re8 10. h4 Kf8 11. h5 Ng8 12. hxg6 hxg6 13. Nh3 Ndf6 14. Bg5 Qd7 15. Bd3 a6 16. 0-0-0 Bb7 17. Kb1 c6 18. dxc6 Qxc6 19. Bc2 Red8 20. Bb3 Qc7 21. Nd5 Bxd5 22. cxd5 Rac8 23. Nf2 b5 24. Nd3 a5 25. Rc1 Qb6 26. Be3 Qa6 27. Rxc8 Rxc8 28. Rc1 Rxc1+ 29. Qxc1 Ne7 30. Qc7 Ne8 31. Qb6 Nc7 32. Qb8+ Qc8 33. Qb6 a4 34. Bd1 Qd7 35. Nb4 Ke8 36. Be2 Bf6 37. a3 Nc8 38. Qc6 1/2-1/2

[Event "Tenerife Verano op"]
[Site "Tenerife"]
[Date "2015.08.17"]
[Round "4"]
[White "Reyes Garcia, Kilian Manuel"]
[Black "Ruiz Yanes, Jose David"]
[Result "0-1"]
[WhiteElo "1232"]
[BlackElo "1503"]
[PlyCount "80"]
[EventDate "2015.08.10"]
[EventType "swiss"]
[EventRounds "9"]
[EventCountry "ESP"]
[SourceTitle "EXT 2016"]
[Source "ChessBase"]
[SourceDate "2015.10.08"]
[SourceVersion "1"]
[SourceVersionDate "2015.10.08"]
[SourceQuality "1"]

1. d4 Nf6 2. Bg5 c5 3. Bxf6 gxf6 4. Nf3 Qb6 5. Qc1 cxd4 6. c3 Bh6 7. Nfd2 d5 8. cxd4 Nc6 9. e3 Bf5 10. Nc3 e6 11. Be2 Rc8 12. Qd1 Qxb2 13. Na4 Qb4 14. 0-0 Nxd4 15. exd4 Qxd2 16. Nc5 Qxd1 17. Bb5+ Ke7 18. Rfxd1 b6 19. Nb3 Rhg8 20. Nd2 Bc2 21. Re1 Bxd2 22. Re2 Bh6 23. Ba6 Rc7 24. g3 Ba4 25. Bd3 Rg7 26. Rb1 Rc8 27. Rb4 Bd7 28. Ba6 Rc7 29. Bd3 Bf4 30. Bxh7 Bd6 31. Rbb2 Rxh7 32. f4 Rc8 33. f5 e5 34. dxe5 fxe5 35. Red2 Rc1+ 36. Kg2 Bc6 37. f6+ Kxf6 38. Rf2+ Ke6 39. Rfe2 d4+ 40. Kf2 Rxh2# 0-1

[Event "Tenerife Verano op"]
[Site "Tenerife"]
[Date "2015.08.12"]
[Round "2"]
[White "Diaz Reyes, Killian"]
[Black "Ruiz Yanes, Jose David"]
[Result "0-1"]
[WhiteElo "1144"]
[BlackElo "1503"]
[PlyCount "90"]
[EventDate "2015.08.10"]
[EventType "swiss"]
[EventRounds "9"]
[EventCountry "ESP"]
[SourceTitle "EXT 2016"]
[Source "ChessBase"]
[SourceDate "2015.10.08"]
[SourceVersion "1"]
[SourceVersionDate "2015.10.08"]
[SourceQuality "1"]

1. e4 e6 2. d4 d5 3. exd5 exd5 4. Nc3 Nf6 5. Bg5 Be7 6. Nf3 Bf5 7. Bd3 Bxd3 8. Qxd3 c6 9. 0-0 0-0 10. Rfe1 Nbd7 11. Re3 Bd6 12. Rae1 Qb6 13. a4 Qc7 14. Ne5 a6 15. Nxd7 Nxd7 16. f4 Bxf4 17. Rh3 f5 18. Bxf4 Qxf4 19. Rf1 Qg5 20. Rff3 Rae8 21. Rf1 Qf6 22. g4 Qg6 23. Rg3 f4 24. Qxg6 hxg6 25. Rh3 Re6 26. g5 Nb6 27. Rhf3 Rf5 28. h4 Nc4 29. Rxf4 Rxf4 30. Rxf4 Nxb2 31. Kf2 Nc4 32. Kg2 Re3 33. Rf3 Re7 34. Kf2 Nd6 35. Ne2 Nf5 36. Rf4 Nd6 37. Ng3 Rf7 38. Kf3 Kf8 39. h5 Rxf4+ 40. Kxf4 gxh5 41. Nxh5 Kf7 42. a5 Nc4 43. Kf5 g6+ 44. Kf4 gxh5 45. g6+ Kxg6 0-1

[Event "Santa Cruz Promocion CajaCanarias 8th"]
[Site "Santa Cruz de Tenerife"]
[Date "2015.07.09"]
[Round "9.3"]
[White "Ruiz Yanes, Jose David"]
[Black "Mendez Acosta, Alexander Jesus"]
[Result "1-0"]
[WhiteElo "1494"]
[BlackElo "1655"]
[PlyCount "47"]
[EventDate "2015.06.29"]
[EventType "swiss"]
[EventRounds "9"]
[EventCountry "ESP"]
[SourceTitle "EXT 2024"]
[Source "ChessBase"]
[SourceDate "2023.10.10"]
[SourceVersion "1"]
[SourceVersionDate "2023.10.10"]
[SourceQuality "1"]

1. d4 Nf6 2. c4 g6 3. Nc3 d6 4. e4 Bg7 5. f3 Nbd7 6. Be3 0-0 7. Qd2 c5 8. d5 Ne5 9. g4 h5 10. gxh5 Nxh5 11. 0-0-0 a6 12. Qg2 Qa5 13. Bd2 Qc7 14. Be2 Nd7 15. f4 Kh7 16. Bxh5 gxh5 17. Qg5 Nf6 18. e5 Bh6 19. Qg3 Rg8 20. Qd3+ Kh8 21. exf6 exf6 22. Nge2 Bg4 23. h3 Bxe2 24. Qxe2 1-0

[Event "Santa Cruz Promocion CajaCanarias 8th"]
[Site "Santa Cruz de Tenerife"]
[Date "2015.07.02"]
[Round "4.1"]
[White "Martin Ortega, Oscar"]
[Black "Ruiz Yanes, Jose David"]
[Result "1-0"]
[WhiteElo "1878"]
[BlackElo "1494"]
[PlyCount "89"]
[EventDate "2015.06.29"]
[EventType "swiss"]
[EventRounds "9"]
[EventCountry "ESP"]
[SourceTitle "EXT 2024"]
[Source "ChessBase"]
[SourceDate "2023.10.10"]
[SourceVersion "1"]
[SourceVersionDate "2023.10.10"]
[SourceQuality "1"]

1. e4 e6 2. d4 d5 3. Nc3 Nf6 4. e5 Nfd7 5. f4 c5 6. Nf3 Nc6 7. Be3 a6 8. Qd2 b5 9. Be2 cxd4 10. Nxd4 Bb7 11. Bd3 Bc5 12. Qf2 Nxd4 13. Bxd4 Bxd4 14. Qxd4 Qb6 15. Ne2 Qxd4 16. Nxd4 Rc8 17. c3 Nc5 18. Bc2 Ke7 19. 0-0 g6 20. a4 bxa4 21. Bxa4 Nxa4 22. Rxa4 Rc7 23. Kf2 Rhc8 24. Ke3 Rc4 25. Ra3 h5 26. g3 R8c7 27. Kd2 Kd7 28. Rc1 Rc8 29. b3 R4c7 30. b4 Ra8 31. Nb3 Ke7 32. Rca1 Rac8 33. Nc5 Kf8 34. Nxb7 Rxb7 35. Rxa6 Rbc7 36. R1a3 Kg7 37. Ra8 Rxa8 38. Rxa8 Kh6 39. h4 Kg7 40. Kd3 f6 41. Ra1 fxe5 42. fxe5 Rc4 43. b5 Rc8 44. b6 Kf8 45. b7 1-0

[Event "Santa Cruz Promocion CajaCanarias 8th"]
[Site "Santa Cruz de Tenerife"]
[Date "2015.07.01"]
[Round "3.5"]
[White "Rodriguez Redondo, Ethan"]
[Black "Ruiz Yanes, Jose David"]
[Result "1-0"]
[WhiteElo "1686"]
[BlackElo "1494"]
[PlyCount "79"]
[EventDate "2015.06.29"]
[EventType "swiss"]
[EventRounds "9"]
[EventCountry "ESP"]
[SourceTitle "EXT 2024"]
[Source "ChessBase"]
[SourceDate "2023.10.10"]
[SourceVersion "1"]
[SourceVersionDate "2023.10.10"]
[SourceQuality "1"]

1. Nf3 Nf6 2. g3 d5 3. Bg2 Bf5 4. 0-0 e6 5. d4 Be7 6. Bg5 Nbd7 7. Nbd2 h6 8. Bxf6 Nxf6 9. Re1 Ne4 10. c3 0-0 11. Ne5 Nxd2 12. Qxd2 c5 13. e4 dxe4 14. Bxe4 Bxe4 15. Rxe4 cxd4 16. Rxd4 Qc7 17. Rd7 Qxe5 18. Rxe7 Qb5 19. Rd7 a5 20. Re1 Qb6 21. Re4 Rad8 22. Red4 Rxd7 23. Rxd7 Qb5 24. Rd4 h5 25. h4 Kh7 26. Qd3+ Qxd3 27. Rxd3 g6 28. Rd7 Kg7 29. Rxb7 Rd8 30. Rb5 Rd2 31. a4 Rc2 32. b4 Rxc3 33. Rxa5 Rb3 34. Rb5 Ra3 35. a5 Ra4 36. Rb6 Kf8 37. a6 Ke8 38. b5 Kd8 39. Rb7 Ra5 40. a7 1-0

[Event "Santa Cruz Promocion CajaCanarias 8th"]
[Site "Santa Cruz de Tenerife"]
[Date "2015.06.30"]
[Round "2.2"]
[White "Ruiz Yanes, Jose David"]
[Black "Canovas Pordomingo, Miguel Angel"]
[Result "0-1"]
[WhiteElo "1494"]
[BlackElo "2108"]
[PlyCount "33"]
[EventDate "2015.06.29"]
[EventType "swiss"]
[EventRounds "9"]
[EventCountry "ESP"]
[SourceTitle "EXT 2024"]
[Source "ChessBase"]
[SourceDate "2023.10.10"]
[SourceVersion "1"]
[SourceVersionDate "2023.10.10"]
[SourceQuality "1"]

1. d4 f5 2. g3 Nf6 3. Bg2 e6 4. Nf3 d5 5. 0-0 Bd6 6. c4 c6 7. Nc3 0-0 8. Qc2 b6 9. Rb1 Qe7 10. a3 Ba6 11. Ne5 Bxe5 12. dxe5 Nfd7 13. cxd5 exd5 14. f4 Qc5+ 15. Kh1 d4 16. b4 Qxc3 17. Qa4 0-1

[Event "Tenerife-ch"]
[Site "Tenerife"]
[Date "2015.04.24"]
[Round "6"]
[White "Ruiz Yanes, Jose David"]
[Black "Calvo Nobrega, Joaquin Manuel"]
[Result "1/2-1/2"]
[WhiteElo "1520"]
[BlackElo "1724"]
[PlyCount "86"]
[EventDate "2015.04.13"]
[EventType "swiss"]
[EventRounds "9"]
[EventCountry "ESP"]
[SourceTitle "CBM 166 Extra"]
[Source "ChessBase"]
[SourceDate "2015.06.18"]
[SourceVersion "1"]
[SourceVersionDate "2015.06.18"]
[SourceQuality "1"]

1. d4 Nf6 2. c4 c5 3. d5 b5 4. cxb5 a6 5. bxa6 Bxa6 6. Nc3 g6 7. g3 Bg7 8. Bg2 d6 9. Nf3 0-0 10. 0-0 Nbd7 11. Qc2 Nb6 12. Rd1 Qc7 13. Rb1 Bc4 14. b3 Nfxd5 15. Nxd5 Bxd5 16. Nh4 Bxg2 17. Nxg2 Rfc8 18. Ne3 e6 19. Nc4 Nd5 20. Bd2 Ra6 21. e4 Nb4 22. Bxb4 cxb4 23. Qe2 Rca8 24. Rd2 Bc3 25. Rc2 d5 26. exd5 exd5 27. Ne3 Re6 28. Qf3 Qc6 29. Qxd5 Qe8 30. Qf3 Ra3 31. Nc4 Ra7 32. a4 Rd7 33. Kg2 Rf6 34. Qe2 Re7 35. Qd3 Qc6+ 36. Kg1 Qe8 37. Rd1 Rfe6 38. Ne3 Qc6 39. Qd5 Qb6 40. Qd8+ Qxd8 41. Rxd8+ Kg7 42. Kg2 Rc6 43. Nd5 Re1 1/2-1/2

[Event "Tenerife-ch"]
[Site "Tenerife"]
[Date "2015.04.15"]
[Round "2"]
[White "Medina Sanchez, Gines"]
[Black "Ruiz Yanes, Jose David"]
[Result "1-0"]
[WhiteElo "1715"]
[BlackElo "1520"]
[PlyCount "69"]
[EventDate "2015.04.13"]
[EventType "swiss"]
[EventRounds "9"]
[EventCountry "ESP"]
[SourceTitle "CBM 166 Extra"]
[Source "ChessBase"]
[SourceDate "2015.06.18"]
[SourceVersion "1"]
[SourceVersionDate "2015.06.18"]
[SourceQuality "1"]

1. c4 Nf6 2. d4 e6 3. Bg5 h6 4. Bf4 b6 5. Nc3 Bb4 6. Qc2 Bb7 7. f3 0-0 8. a3 Bxc3+ 9. Qxc3 d6 10. e4 c5 11. dxc5 bxc5 12. Rd1 d5 13. cxd5 exd5 14. Qxc5 Nbd7 15. Qd4 dxe4 16. Bb5 Qa5+ 17. Qb4 Qxb4+ 18. axb4 exf3 19. Nxf3 Nb6 20. Bd6 Rfd8 21. 0-0 Rac8 22. Bc5 Nfd7 23. Be7 Nd5 24. Bxd8 Rxd8 25. Rfe1 Kf8 26. Rd4 a6 27. Ba4 N7b6 28. Bb3 Rd6 29. Rde4 Bc6 30. Ne5 Bb5 31. Nc4 Rg6 32. Nxb6 Nxb6 33. Re7 Rf6 34. Rb7 Nc4 35. Rb8+ 1-0

[Event "Santa Cruz de Tenerife Primavera op"]
[Site "Santa Cruz de Tenerife"]
[Date "2015.03.24"]
[Round "7"]
[White "Ruiz Yanes, Jose David"]
[Black "Dos Reis Cabrera, Jose Manuel"]
[Result "0-1"]
[WhiteElo "1520"]
[BlackElo "1229"]
[PlyCount "20"]
[EventDate "2015.03.10"]
[EventType "swiss"]
[EventRounds "9"]
[EventCountry "ESP"]
[SourceTitle "CBM 165 Extra"]
[Source "ChessBase"]
[SourceDate "2015.04.21"]
[SourceVersion "1"]
[SourceVersionDate "2015.04.21"]
[SourceQuality "1"]

1. d4 d5 2. c4 e6 3. Nc3 Nf6 4. Nf3 c5 5. cxd5 exd5 6. Bg5 Be7 7. dxc5 Nc6 8. Bxf6 Bxf6 9. Qxd5 Bxc3+ 10. bxc3 Qxd5 0-1

[Event "Tenerife-chT Primera"]
[Site "Tenerife"]
[Date "2015.03.07"]
[Round "5.4"]
[White "Rodriguez Perez, Jose Eulogio"]
[Black "Ruiz Yanes, Jose David"]
[Result "1-0"]
[WhiteElo "1334"]
[BlackElo "1501"]
[PlyCount "63"]
[EventDate "2015.01.24"]
[EventType "swiss"]
[EventRounds "14"]
[EventCountry "ESP"]
[SourceTitle "EXT 2024"]
[Source "ChessBase"]
[SourceDate "2023.10.10"]
[SourceVersion "1"]
[SourceVersionDate "2023.10.10"]
[SourceQuality "1"]
[WhiteTeam "Valledrez"]
[BlackTeam "Achinet Gambito de Rey"]
[WhiteTeamCountry "ESP"]
[BlackTeamCountry "ESP"]

1. e4 e6 2. Nf3 d5 3. exd5 exd5 4. d4 Bd6 5. Bd3 Nf6 6. 0-0 0-0 7. Re1 h6 8. Nbd2 Nc6 9. Nf1 Bg4 10. c3 Qd7 11. Ne3 Bh5 12. Be2 Bg6 13. Nh4 Be4 14. f3 Bh7 15. Bd3 Bxd3 16. Qxd3 Rfe8 17. Bd2 Nh5 18. Nxd5 Bxh2+ 19. Kxh2 Qxd5 20. Nf5 Re6 21. g4 Nf6 22. Kg3 Rae8 23. Rh1 Ne7 24. Nxg7 Qd6+ 25. Bf4 Qd8 26. Nxe6 fxe6 27. Rxh6 Rf8 28. Be5 Kf7 29. Rah1 Neg8 30. Qg6+ Ke7 31. Rh7+ Nxh7 32. Rxh7+ 1-0

[Event "Tenerife-chT Segunda"]
[Site "Tenerife"]
[Date "2015.01.24"]
[Round "5.1"]
[White "Ruiz Yanes, Jose David"]
[Black "Exposito Hernandez, Samuel"]
[Result "1-0"]
[WhiteElo "1501"]
[BlackElo "1651"]
[PlyCount "45"]
[EventDate "2015.01.24"]
[EventType "swiss"]
[EventRounds "13"]
[EventCountry "ESP"]
[SourceTitle "EXT 2024"]
[Source "ChessBase"]
[SourceDate "2023.10.10"]
[SourceVersion "1"]
[SourceVersionDate "2023.10.10"]
[SourceQuality "1"]
[WhiteTeam "Achinet Gambito de Rey II"]
[BlackTeam "La Gomera II"]
[WhiteTeamCountry "ESP"]
[BlackTeamCountry "ESP"]

1. d4 Nf6 2. c4 e6 3. Nf3 d5 4. Nc3 c5 5. cxd5 exd5 6. Bg5 Be7 7. e3 cxd4 8. Nxd4 Nc6 9. Bb5 Qd6 10. Bf4 Qc5 11. Rc1 Qb6 12. Na4 Qa5+ 13. Nc3 Bd7 14. Nxc6 bxc6 15. Ba4 Ne4 16. 0-0 Nc5 17. Bc2 Ne6 18. Be5 Bf6 19. Bxf6 gxf6 20. Bf5 Ke7 21. Qa4 Qc7 22. Nxd5+ cxd5 23. Rxc7 1-0

[Event "Santa Cruz de Tenerife op 25th"]
[Site "Santa Cruz de Tenerife"]
[Date "2014.12.26"]
[Round "8"]
[White "Ruiz Yanes, Jose David"]
[Black "Perez Garcia, Saul"]
[Result "1/2-1/2"]
[WhiteElo "1501"]
[BlackElo "1467"]
[PlyCount "53"]
[EventDate "2014.12.15"]
[EventType "swiss"]
[EventRounds "9"]
[EventCountry "ESP"]
[SourceTitle "CBM 164 Extra"]
[Source "ChessBase"]
[SourceDate "2015.03.02"]
[SourceVersion "1"]
[SourceVersionDate "2015.03.02"]
[SourceQuality "1"]

1. d4 Nf6 2. c4 g6 3. Nc3 d5 4. cxd5 Nxd5 5. e4 Nxc3 6. bxc3 Bg7 7. Nf3 0-0 8. Bc4 c5 9. Rb1 Nc6 10. Be3 b6 11. h3 Qc7 12. 0-0 Rd8 13. d5 Ne5 14. Bf4 Nxf3+ 15. Qxf3 Be5 16. Bxe5 Qxe5 17. Qe3 e6 18. f4 Qc7 19. Rbd1 exd5 20. Bxd5 Bb7 21. c4 Rab8 22. Rd2 b5 23. Rfd1 bxc4 24. Bxc4 Rxd2 25. Rxd2 Re8 26. Bd5 Bxd5 27. Rxd5 1/2-1/2

[Event "Santa Cruz de Tenerife op 25th"]
[Site "Santa Cruz de Tenerife"]
[Date "2014.12.16"]
[Round "2"]
[White "Rodriguez Rodriguez, Jose Joaquin"]
[Black "Ruiz Yanes, Jose David"]
[Result "0-1"]
[WhiteElo "1218"]
[BlackElo "1501"]
[PlyCount "40"]
[EventDate "2014.12.15"]
[EventType "swiss"]
[EventRounds "9"]
[EventCountry "ESP"]
[SourceTitle "CBM 164 Extra"]
[Source "ChessBase"]
[SourceDate "2015.03.02"]
[SourceVersion "1"]
[SourceVersionDate "2015.03.02"]
[SourceQuality "1"]

1. e4 e6 2. d4 d5 3. Bd3 dxe4 4. Bxe4 Nf6 5. Bf3 c5 6. Be3 Nd5 7. dxc5 Nxe3 8. Qxd8+ Kxd8 9. fxe3 Bxc5 10. Kf2 Nc6 11. Ne2 Nb4 12. Na3 Ke7 13. c3 Nd3+ 14. Kg3 Bd6+ 15. Kh3 Nf2+ 16. Kh4 Nxh1 17. Rxh1 h5 18. g3 e5 19. Kg5 f6+ 20. Kg6 Kf8 0-1